<?xml version="1.0" encoding="UTF-8"?>
<record
    xmlns:xsi="http://www.w3.org/2001/XMLSchema-instance"
    xsi:schemaLocation="http://www.loc.gov/MARC21/slim http://www.loc.gov/standards/marcxml/schema/MARC21slim.xsd"
    xmlns="http://www.loc.gov/MARC21/slim">

  <leader>01350nam a2200337 a 4500</leader>
  <controlfield tag="003">CHAP</controlfield>
  <controlfield tag="005">20230620175329.0</controlfield>
  <controlfield tag="007">ta</controlfield>
  <controlfield tag="008">230619s1964    mx ad||fr|||| 001 0 spa d</controlfield>
  <datafield tag="040" ind1=" " ind2=" ">
    <subfield code="a">mxchpua</subfield>
    <subfield code="c">CHAP</subfield>
    <subfield code="e">rda</subfield>
  </datafield>
  <datafield tag="050" ind1="1" ind2="0">
    <subfield code="a">TA350</subfield>
    <subfield code="b">.N37 1964</subfield>
  </datafield>
  <datafield tag="082" ind1="0" ind2="0">
    <subfield code="a">531.0151563</subfield>
    <subfield code="b">N37 1964</subfield>
    <subfield code="2">20</subfield>
  </datafield>
  <datafield tag="100" ind1="1" ind2=" ">
    <subfield code="9">80128</subfield>
    <subfield code="a">Nara, Harry R.</subfield>
    <subfield code="e">autor</subfield>
  </datafield>
  <datafield tag="240" ind1="1" ind2="0">
    <subfield code="a">Vector mechanics for engineers, part II : dynamics.</subfield>
    <subfield code="l">Espa&#xF1;ol</subfield>
  </datafield>
  <datafield tag="245" ind1="1" ind2="0">
    <subfield code="a">Mec&#xE1;nica vectorial para ingenieros II :</subfield>
    <subfield code="b">din&#xE1;mica / </subfield>
    <subfield code="c">Harry R. Nara ; traductor Ram&#xF3;n Cort&#xE9;s Barrios </subfield>
  </datafield>
  <datafield tag="250" ind1=" " ind2=" ">
    <subfield code="a">1a edici&#xF3;n </subfield>
  </datafield>
  <datafield tag="264" ind1=" " ind2=" ">
    <subfield code="a">M&#xE9;xico : </subfield>
    <subfield code="b">Limusa, </subfield>
    <subfield code="c">1964</subfield>
  </datafield>
  <datafield tag="300" ind1=" " ind2=" ">
    <subfield code="a">454 p&#xE1;ginas : </subfield>
    <subfield code="b">ilustraciones, gr&#xE1;ficas, diagramas </subfield>
  </datafield>
  <datafield tag="336" ind1=" " ind2=" ">
    <subfield code="2">rdacontent</subfield>
    <subfield code="a">texto</subfield>
    <subfield code="b">txt</subfield>
  </datafield>
  <datafield tag="337" ind1=" " ind2=" ">
    <subfield code="2">rdamedia</subfield>
    <subfield code="a">sin medio</subfield>
    <subfield code="b">n</subfield>
  </datafield>
  <datafield tag="338" ind1=" " ind2=" ">
    <subfield code="2">rdacarrier</subfield>
    <subfield code="a">volumen</subfield>
    <subfield code="b">nc</subfield>
  </datafield>
  <datafield tag="505" ind1="0" ind2=" ">
    <subfield code="g">1. Notas hist&#xF3;ricas sobre la din&#xE1;mica --
2. Cinem&#xE1;tica --
3. Din&#xE1;mica de la part&#xED;cula --
4. Din&#xE1;mica de un sistema de part&#xED;culas --
5. Din&#xE1;mica de los cuerpos r&#xED;gidos --
6. Din&#xE1;mica de los sistemas vibrtorios</subfield>
  </datafield>
  <datafield tag="650" ind1="1" ind2="3">
    <subfield code="9">32626</subfield>
    <subfield code="a">Din&#xE1;mica</subfield>
  </datafield>
  <datafield tag="650" ind1="1" ind2="3">
    <subfield code="9">73818</subfield>
    <subfield code="a">Mec&#xE1;nica aplicada</subfield>
  </datafield>
  <datafield tag="650" ind1="1" ind2="3">
    <subfield code="9">5995</subfield>
    <subfield code="a">An&#xE1;lisis vectorial</subfield>
  </datafield>
  <datafield tag="650" ind1="1" ind2="3">
    <subfield code="9">187433</subfield>
    <subfield code="a">Dynamics</subfield>
  </datafield>
  <datafield tag="650" ind1="1" ind2="3">
    <subfield code="9">150315</subfield>
    <subfield code="a">Mechanics, Applied</subfield>
  </datafield>
  <datafield tag="650" ind1="1" ind2="3">
    <subfield code="9">154498</subfield>
    <subfield code="a">Vectorial analysis  </subfield>
  </datafield>
  <datafield tag="700" ind1="1" ind2=" ">
    <subfield code="9">187434</subfield>
    <subfield code="a">Cort&#xE9;s Barrios, Ram&#xF3;n</subfield>
    <subfield code="e">traductor</subfield>
  </datafield>
  <datafield tag="942" ind1=" " ind2=" ">
    <subfield code="2">ddc</subfield>
    <subfield code="c">Libro</subfield>
  </datafield>
  <datafield tag="999" ind1=" " ind2=" ">
    <subfield code="c">218966</subfield>
    <subfield code="d">218966</subfield>
  </datafield>
  <datafield tag="952" ind1=" " ind2=" ">
    <subfield code="0">0</subfield>
    <subfield code="1">0</subfield>
    <subfield code="2">ddc</subfield>
    <subfield code="4">0</subfield>
    <subfield code="5">1</subfield>
    <subfield code="7">0</subfield>
    <subfield code="8">GRAL</subfield>
    <subfield code="a">IA_</subfield>
    <subfield code="b">IA_</subfield>
    <subfield code="d">2023-01-19</subfield>
    <subfield code="e">Donaci&#xF3;n</subfield>
    <subfield code="h">Volumen: 2</subfield>
    <subfield code="i">Donaci&#xF3;n</subfield>
    <subfield code="l">0</subfield>
    <subfield code="o">531.0151563 N37 1964</subfield>
    <subfield code="p">1102014866</subfield>
    <subfield code="r">2023-06-19 00:00:00</subfield>
    <subfield code="t">Ej. 1</subfield>
    <subfield code="w">2023-06-19</subfield>
    <subfield code="y">LIBRO</subfield>
  </datafield>
</record>
